[Event "Avoine op 23rd"]
[Site "Avoine"]
[Date "2008.07.19"]
[Round "1"]
[White "Lafrechoux, Laurent"]
[Black "Miqueu, Eric"]
[Result "0-1"]
[WhiteElo "1929"]
[BlackElo "2107"]
[PlyCount "60"]
[EventDate "2008.07.19"]
[EventType "swiss"]
[EventRounds "9"]
[EventCountry "FRA"]
[SourceTitle "CBM 125 Extra"]
[Source "ChessBase"]
[SourceDate "2008.09.01"]
[SourceVersion "1"]
[SourceVersionDate "2008.09.01"]
[SourceQuality "1"]

1. e4 e6 2. Nc3 d5 3. d3 Bb4 4. Nge2 d4 5. a3 Be7 6. Nb1 c5 7. g3 Nc6 8. Bg2 Nf6 9. 0-0 0-0 10. f4 e5 11. Nd2 exf4 12. gxf4 Ng4 13. Nf3 f5 14. e5 Be6 15. Qe1 Ne3 16. Bxe3 dxe3 17. Rd1 Qb6 18. c3 Qxb2 19. d4 Bc4 20. Ng3 e2 21. Rb1 exf1Q+ 22. Bxf1 Qa2 23. Ra1 Qb3 24. Rb1 Qa4 25. Rb4 cxb4 26. Bxc4+ Kh8 27. d5 bxa3 28. Qe2 Na5 29. Ba2 Bc5+ 30. Kh1 Qxf4 0-1

[Event "Avoine op 22nd"]
[Site "Avoine"]
[Date "2007.07.25"]
[Round "5"]
[White "Lafrechoux, Laurent"]
[Black "Debree, Alain"]
[Result "1/2-1/2"]
[WhiteElo "1925"]
[BlackElo "2100"]
[PlyCount "57"]
[EventDate "2007.07.21"]
[EventType "swiss"]
[EventRounds "9"]
[EventCountry "FRA"]
[SourceTitle "EXT 2010"]
[Source "ChessBase"]
[SourceDate "2010.11.25"]
[SourceVersion "1"]
[SourceVersionDate "2010.11.25"]
[SourceQuality "1"]

1. e4 c5 2. Nf3 Nc6 3. d4 cxd4 4. Nxd4 e5 5. Nb5 a6 6. Nd6+ Bxd6 7. Qxd6 Qf6 8. Qd3 Nge7 9. c3 0-0 10. Be3 d5 11. exd5 Rd8 12. c4 Bf5 13. Qc3 Nd4 14. Bd3 Qg6 15. Bxf5 Nexf5 16. Na3 Qxg2 17. Kd2 b5 18. b3 b4 19. Qxb4 Nxe3 20. Kxe3 Qf3+ 21. Kd2 Qxf2+ 22. Kc1 Rxd5 23. cxd5 Rc8+ 24. Kb1 Qf5+ 25. Kb2 Qf2+ 26. Kb1 Qf5+ 27. Kb2 Qf2+ 28. Kb1 Qf5+ 29. Kb2 1/2-1/2

[Event "Avoine op 22nd"]
[Site "Avoine"]
[Date "2007.07.24"]
[Round "4"]
[White "Bonn, Thomas"]
[Black "Lafrechoux, Laurent"]
[Result "1-0"]
[WhiteElo "2116"]
[BlackElo "1925"]
[PlyCount "65"]
[EventDate "2007.07.21"]
[EventType "swiss"]
[EventRounds "9"]
[EventCountry "FRA"]
[SourceTitle "EXT 2010"]
[Source "ChessBase"]
[SourceDate "2010.11.25"]
[SourceVersion "1"]
[SourceVersionDate "2010.11.25"]
[SourceQuality "1"]

1. e4 c5 2. Nf3 d6 3. d4 cxd4 4. Nxd4 Nf6 5. Nc3 a6 6. Bc4 e6 7. Bb3 Nbd7 8. Bg5 Nc5 9. f4 Be7 10. Qf3 Nxb3 11. Nxb3 Qc7 12. 0-0-0 b5 13. e5 Bb7 14. Qe2 dxe5 15. fxe5 Nd5 16. Bxe7 Nxc3 17. Qg4 Qxe7 18. Qxg7 Ne2+ 19. Kb1 Qf8 20. Qg4 Rg8 21. Qxe2 Rxg2 22. Qd3 Bd5 23. Qxh7 0-0-0 24. Rhf1 Rd7 25. Rg1 f5 26. Qh3 Rdg7 27. Rxg2 Rxg2 28. a4 b4 29. Qd3 Kb7 30. Na5+ Kb6 31. Nc4+ Ka7 32. Qd4+ Kb8 33. Qb6+ 1-0

[Event "FRA-chT3 Gr12 0304"]
[Site "Loire"]
[Date "2003.12.07"]
[Round "4.7"]
[White "Perisse, Loic"]
[Black "Lafrechoux, Laurent"]
[Result "1/2-1/2"]
[WhiteElo "2030"]
[BlackElo "1750"]
[PlyCount "83"]
[EventDate "2003.10.12"]
[EventType "team-tourn"]
[EventRounds "9"]
[EventCountry "FRA"]
[SourceTitle "EXT 2008"]
[Source "ChessBase"]
[SourceDate "2007.11.25"]
[SourceVersion "1"]
[SourceVersionDate "2007.11.25"]
[SourceQuality "1"]

1. e4 c5 2. c3 e6 3. d4 d5 4. e5 Nc6 5. Nf3 Nge7 6. a3 c4 7. b4 cxb3 8. Qxb3 Na5 9. Qc2 Qc7 10. Nbd2 Bd7 11. Be2 Rc8 12. Bb2 Ng6 13. g3 h5 14. Bd3 Ne7 15. 0-0 g6 16. Nh4 Nf5 17. Nxf5 gxf5 18. f4 h4 19. Qd1 Be7 20. Qe2 a6 21. Rfc1 Nc4 22. Nf1 hxg3 23. hxg3 Ba4 24. Ne3 Nxe3 25. Qxe3 Bb5 26. Kg2 Kd7 27. Rh1 Bc4 28. Be2 Qb6 29. Qd2 Qb3 30. Bd1 Qb5 31. a4 Qa5 32. Rxh8 Rxh8 33. Ba3 b5 34. Bxe7 Kxe7 35. Qb2 Qc7 36. Qb4+ Kd7 37. axb5 Bxb5 38. Ra5 Rb8 39. Ba4 Qc6 40. Bxb5 Rxb5 41. Rxb5 Qxb5 42. Qf8 1/2-1/2